000 01277nam a22003857a 4500
003 CHAP
005 20220329133425.0
008 971013s1992 r 00010 d
010 _a6214
011 _a7186
035 _a6409
040 _cCHAP
090 _aTesis
100 0 0 _aMorales Escobar, Leodegario.
_978260
245 _aObtención de poliploides en aguacate (Persea americana Mill.) mediante el uso de colchicina
260 _aChapingo, Méx. :
_bEl autor,
_c1992
300 _a51 h.
500 _a61-105
502 _aTesis (Ing. Agr. Esp. en Fitotecnia) -- UACH. Departamento de Fitotecnia
590 _aALEPH
_b10
_c20130110
_lUCH01
_h1217
590 _aBATCH-UPD
_b10
_c20130110
_lUCH01
_h0130
590 _aBATCH-UPD
_b10
_c20130110
_lUCH01
_h1335
590 _aBATCH-UPD
_b10
_c20130409
_lUCH01
_h2125
590 _aBATCH-UPD
_b10
_c20130410
_lUCH01
_h0838
590 _aBATCH-UPD
_b10
_c20130913
_lUCH01
_h2257
590 _aCONVERSION
_b10
_c20130109
_lUCH01
_h1304
650 1 4 _aAguacate
_xGenética.
_92518
650 1 4 _aAguacate
_xMejoramiento.
_92533
650 1 4 _aColchicina.
_924619
650 1 4 _aPoliploidia.
_990241
700 0 _aRobles Menéndez Octaviano.
_998101
901 _aBK
942 _cTESIS
949 _bBC
_cTES
_d-16010
_eTS1
_h25302
_i6409
_si
999 _c6214
_d6214